"But I'm worth more than thatí": implementing a comprehensive compensation system (Record no. 63482)
[ view plain ]
| 000 -CABECERA | |
|---|---|
| campo de control de longitud fija | 00657nam a2200229 a 4500 |
| 005 - FECHA Y HORA DE LA ÚLTIMA TRANSACCIÓN | |
| campo de control | 20210219152912.0 |
| 008 - ELEMENTOS DE LONGITUD FIJA--INFORMACIÓN GENERAL | |
| campo de control de longitud fija | 991125n 000 0 eng u |
| 035 ## - NÚMERO DE CONTROL DEL SISTEMA | |
| Número de control de sistema | UPN01000066418 |
| 100 ## - ASIENTO PRINCIPAL--NOMBRE PERSONAL | |
| Nombre de persona | Bloom, Paula Jorde |
| 222 ## - TÍTULO CLAVE | |
| Título clave | YOUNG CHILDREN |
| 245 ## - MENCIÓN DE TÍTULO | |
| Título | "But I'm worth more than thatí": implementing a comprehensive compensation system |
| 300 ## - DESCRIPCIÓN FÍSICA | |
| Extensión | 67-72 |
| 362 ## - FECHAS DE PUBLICACIÓN Y/O DESIGNACIÓN SECUENCIAL | |
| Fecha de publicación y/o designación secuencial | 1993 48, No. 4 |
| 505 ## - NOTA DE CONTENIDO CON FORMATO PREESTABLECIDO | |
| Nota de contenido con formato | Septiembre 1993 |
| 653 0# - TERMINO DE INDIZACION - NO CONTROLADO | |
| Término no controlado | DIFERENCIA DE SALARIOS |
| 653 0# - TERMINO DE INDIZACION - NO CONTROLADO | |
| Término no controlado | OCCUPATIONAL INFORMATION |
| 653 0# - TERMINO DE INDIZACION - NO CONTROLADO | |
| Término no controlado | PROMOCION (OCUPACION) |
| 653 0# - TERMINO DE INDIZACION - NO CONTROLADO | |
| Término no controlado | REMUNERACION |
| 653 0# - TERMINO DE INDIZACION - NO CONTROLADO | |
| Término no controlado | SALARIO DE LOS MAESTROS |
| 904 ## - ELEMENTOS DE DATOS D LOCAL, LDD (RLIN) | |
| a | AC |
| b | 004229 |
| 905 ## - TIPO DE MATERIAL | |
| Tipo de material | Articulo |
No items available.
